000 01233nam a22003611i 4500
999 _c176709
_d176709
001 vtls000872246
003 PNM
005 20200305152100.0
008 190303t20202020my e a001 0 may
015 _aM191-03995
020 _a9789674614010
_qpaperback
_cRM35.00
039 9 _a202001131633
_bmawarny
_c201912231655
_dhema
_c201903051630
_dzuraidah_s
040 _aBNM
_beng
_cBNM
_erda
_dPPAK
049 _amal
082 0 4 _a899.2309
_223
090 0 0 _a899.2309
_bMUH
_dG
100 0 _aMuhammad Salleh,
_cProf. Ameritus, Dr.,
_d1942-
245 1 0 _aAKAL BUDI ADIKARYA :
_bSulalat al-Salatin /
_cMUHAMMAD HAJI SALLEH ; Editor Naskah: Rosziana Radli
264 1 _aPulau Pinang :
_bPenerbit Universiti Sains Malaysia,
_c2019
264 4 _c©2020
300 _aix, 221 pages ;
_c24 cm
336 _atext
_2rdacontent
337 _aunmediated
_2rdamedia
338 _avolume
_2rdacarrier
500 _aIncludes index.
504 _aBibliography: pages 211-216
630 0 0 _aSulalat-us-Salatin
_xCritism, Textual
650 1 0 _aMalay literature
_xHistory and criticism
650 2 0 _aMalay literature
_xCriticism, Textual
650 2 0 _aGovernment publications
_zMalaysia
700 0 _aRosziana Radli,
_eeditor.
942 _2ddc
_cB